| 000 | 00472nam a2200169Ia 4500 | ||
|---|---|---|---|
| 008 | 231217s9999 xx 000 0 und d | ||
| 020 | _a8128000756 | ||
| 041 | _aEnglish | ||
| 082 | _a001.644 NAN;8 | ||
| 100 | _aNandagopalan, S. | ||
| 245 | 0 | _aDatabase management systems with ORACLE 9i and VB 6.0 | |
| 250 | _a2nd ed. | ||
| 260 |
_c2006 _bSapna Book House _aBangalore |
||
| 300 | _avi+512 | ||
| 650 | _aDatabase,management,systems,ORACLE,9i,VB,6.0 | ||
| 942 | _cAA | ||
| 999 |
_c179263 _d179263 |
||